TOP 20 Municipios de la Provincia de Palencia por población - Estadísticas

Estadísticas generales
  • Esta prueba ha sido intentada 176 veces
  • La puntuación promedio es 12 de 20
Estadísticas de respuestas
Población Municipio % Correcto
76.331 Palencia
98%
6.733 Aguilar de Campóo
91%
6.284 Venta de Baños
82%
5.653 Guardo
79%
6.459 Villamuriel de Cerrato
76%
2.005 Carrión de los Condes
75%
2.265 Cervera de Pisuerga
71%
2.597 Dueñas
68%
2.904 Saldaña
68%
2.690 Grijota
65%
1.889 Herrera de Pisuerga
65%
1.895 Paredes de Nava
54%
1.170 Osorno
53%
1.871 Villalobón
47%
1.145 Velilla del Río Carrión
44%
1.011 Magaz de Pisuerga
41%
1.036 Astudillo
38%
1.212 Baltanás
37%
1.182 Barruelo de Santullán
35%
962 Santibáñez de la Peña
21%
No se encontraron pruebas coincidentes
Distribución de puntuación
Porcentaje de gente con cada puntuación
Porcentaje por número respondido
Historial de tus puntuaciones
No has intentado esta prueba.